[Event "JBLN West 1819"]
[Site "Germany"]
[Date "2019.05.05"]
[Round "7.5"]
[White "Engel, Robert"]
[Black "Glaser, Maximilian"]
[Result "1-0"]
[WhiteElo "2074"]
[BlackElo "1900"]
[PlyCount "77"]
[EventDate "2018.09.23"]
[EventType "team-tourn"]
[EventRounds "9"]
[EventCountry "GER"]
[SourceTitle "EXT 2020"]
[Source "ChessBase"]
[SourceDate "2019.10.17"]
[SourceVersion "1"]
[SourceVersionDate "2019.10.17"]
[SourceQuality "1"]
[WhiteTeam "Hamburger SK U20"]
[BlackTeam "Hagen U20"]
[WhiteTeamCountry "GER"]
[BlackTeamCountry "GER"]

1. e4 e6 2. d4 d5 3. Nd2 Nf6 4. e5 Nfd7 5. Bd3 c5 6. c3 Nc6 7. Ne2 a6 8. 0-0 b5 9. f4 Qb6 10. Nf3 Bb7 11. Be3 c4 12. Bc2 Be7 13. Bf2 h6 14. f5 Nd8 15. Nf4 exf5 16. Bxf5 g5 17. Nh5 Ne6 18. h3 0-0-0 19. Nh2 Kb8 20. Bg3 Ka8 21. Kh1 b4 22. Ng4 Rdf8 23. Qd2 Bc6 24. Rf2 Qa5 25. Ne3 Nb6 26. Bc2 Nc7 27. Nf5 bxc3 28. Qxc3 Bb4 29. Qe3 c3 30. b3 Nb5 31. a4 Nc7 32. Rf3 Ne6 33. Be1 Rc8 34. Nd6 Rc7 35. Rd1 Be8 36. Nf6 Ng7 37. Rd3 Bxd6 38. exd6 Rc8 39. Bxc3 1-0

[Event "JBLN West 1819"]
[Site "Germany"]
[Date "2019.03.10"]
[Round "6.5"]
[White "Nizamova, Rita"]
[Black "Glaser, Maximilian"]
[Result "1/2-1/2"]
[WhiteElo "1692"]
[BlackElo "1900"]
[PlyCount "115"]
[EventDate "2018.09.23"]
[EventType "team-tourn"]
[EventRounds "9"]
[EventCountry "GER"]
[SourceTitle "EXT 2020"]
[Source "ChessBase"]
[SourceDate "2019.10.17"]
[SourceVersion "1"]
[SourceVersionDate "2019.10.17"]
[SourceQuality "1"]
[WhiteTeam "Goettingen Rochade U20"]
[BlackTeam "Hagen U20"]
[WhiteTeamCountry "GER"]
[BlackTeamCountry "GER"]

1. e4 d5 2. exd5 Qxd5 3. Nc3 Qa5 4. d4 Nf6 5. Bd2 c6 6. Nf3 Bg4 7. h3 Bh5 8. Be2 Nbd7 9. 0-0 Qc7 10. a4 e6 11. a5 Bd6 12. Ng5 Bg6 13. Bf3 0-0 14. Nge4 Nxe4 15. Nxe4 Be7 16. Be3 Rad8 17. Qd2 Nf6 18. Nc5 Nd5 19. a6 Nxe3 20. Qxe3 Bxc5 21. dxc5 Bxc2 22. Ra3 Rd7 23. Rfa1 Rfd8 24. axb7 Qxb7 25. Rxa7 Qxb2 26. Ra8 Qb7 27. R8a7 Qxa7 28. Rxa7 Rxa7 29. Bxc6 Rc7 30. Bf3 Rdc8 31. c6 Ba4 32. Qe5 Bxc6 33. Bxc6 Rxc6 34. Kh2 h6 35. f3 Rc2 36. Qd4 R2c5 37. Qd7 R8c7 38. Qd8+ Kh7 39. Qd3+ g6 40. Qd4 h5 41. Qf4 Rd7 42. Qe3 Rc2 43. Qf4 Re2 44. Qf6 Kg8 45. Qc3 Rdd2 46. Qc8+ Kg7 47. Qc3+ Kh7 48. Qc7 Rxg2+ 49. Kh1 Kg7 50. Qe5+ f6 51. Qc7+ Kf8 52. Qc8+ Kf7 53. Qc7+ Ke8 54. Qc8+ Kf7 55. Qc7+ Kg8 56. Qc8+ Kh7 57. Qc7+ Kh6 58. Qf4+ 1/2-1/2

[Event "JBLN West 1819"]
[Site "Germany"]
[Date "2019.01.27"]
[Round "4.5"]
[White "Glaser, Maximilian"]
[Black "Schmidt, Aliyah Renee"]
[Result "1-0"]
[WhiteElo "1900"]
[BlackElo "1548"]
[PlyCount "59"]
[EventDate "2018.09.23"]
[EventType "team-tourn"]
[EventRounds "9"]
[EventCountry "GER"]
[SourceTitle "EXT 2020"]
[Source "ChessBase"]
[SourceDate "2019.10.17"]
[SourceVersion "1"]
[SourceVersionDate "2019.10.17"]
[SourceQuality "1"]
[WhiteTeam "Hagen U20"]
[BlackTeam "Weisse Dame U20"]
[WhiteTeamCountry "GER"]
[BlackTeamCountry "GER"]

1. d4 d5 2. e3 Nf6 3. f4 e6 4. Bd3 Be7 5. c3 Nbd7 6. Nd2 c5 7. Ngf3 b6 8. Ne5 Bb7 9. Qf3 Rc8 10. 0-0 0-0 11. g4 cxd4 12. exd4 Nxe5 13. fxe5 Nd7 14. Qh3 g6 15. Nf3 f6 16. exf6 Bxf6 17. g5 Bg7 18. Qxe6+ Kh8 19. Qh3 Qe8 20. Bd2 Rc6 21. Rae1 Qd8 22. Nh4 Rxf1+ 23. Rxf1 Nf8 24. Rxf8+ Bxf8 25. Nxg6+ Rxg6 26. Bxg6 Qe7 27. Bd3 Qg7 28. Bf4 Kg8 29. Qe6+ Qf7 30. Bxh7+ 1-0

[Event "Oberpfalz-ch M2"]
[Site "Bad Koetzting"]
[Date "2018.03.24"]
[Round "1"]
[White "Braun, Dieter"]
[Black "Glaser, Maximilian"]
[Result "0-1"]
[WhiteElo "1677"]
[BlackElo "1773"]
[PlyCount "73"]
[EventDate "2018.03.24"]
[EventType "swiss"]
[EventRounds "8"]
[EventCountry "GER"]
[SourceTitle "EXT 2020"]
[Source "ChessBase"]
[SourceDate "2019.10.17"]
[SourceVersion "1"]
[SourceVersionDate "2019.10.17"]
[SourceQuality "1"]

1. e4 e5 2. Nf3 Nf6 3. Nc3 Bb4 4. Bd3 d6 5. h3 a6 6. 0-0 0-0 7. Ne2 Re8 8. c3 Ba5 9. Bc2 d5 10. d3 b5 11. Be3 b4 12. Ba4 Bd7 13. cxb4 Bxb4 14. Qb3 Bf8 15. exd5 Bxa4 16. Qxa4 Nxd5 17. Bg5 Be7 18. Bxe7 Qxe7 19. Qe4 Nb6 20. Rfe1 c5 21. Ng3 N8d7 22. Nf5 Qf6 23. Rac1 h5 24. b4 cxb4 25. Rc6 Re6 26. Rec1 Rae8 27. Ng3 g6 28. Rxe6 Qxe6 29. Rc6 Qxa2 30. Nh4 Re6 31. Rxe6 Qxe6 32. Qxb4 Qd5 33. Qa3 a5 34. Ne4 a4 35. Qe7 Qxd3 36. Qd8+ Kg7 37. Nc5 0-1

[Event "Pardubice Czech op-C 28th"]
[Site "Pardubice"]
[Date "2017.07.26"]
[Round "6"]
[White "Glaser, Maximilian"]
[Black "Jozwik, Jacek"]
[Result "0-1"]
[WhiteElo "1709"]
[BlackElo "1951"]
[PlyCount "88"]
[EventDate "2017.07.22"]
[EventType "swiss"]
[EventRounds "9"]
[EventCountry "CZE"]
[SourceTitle "CBM 179 Extra"]
[Source "ChessBase"]
[SourceDate "2017.08.23"]
[SourceVersion "1"]
[SourceVersionDate "2017.08.23"]
[SourceQuality "1"]

1. e4 c5 2. Nc3 g6 3. h4 h5 4. Bc4 Nc6 5. a3 d6 6. d3 Bg7 7. Nge2 Nf6 8. Bf4 a6 9. Qd2 b5 10. Bb3 Nd4 11. Nxd4 cxd4 12. Ne2 Nd7 13. Bg3 Rb8 14. 0-0 e5 15. f4 0-0 16. Qb4 Qc7 17. Qd2 Bh6 18. Qd1 Kg7 19. f5 Nf6 20. Be1 Ng4 21. Bd2 Be3+ 22. Bxe3 Nxe3 23. Qd2 Qd8 24. f6+ Kh7 25. Rf2 Be6 26. Ng3 Bxb3 27. cxb3 Rc8 28. Rc1 Qd7 29. Nf1 Rxc1 30. Qxc1 Rc8 31. Qe1 Ng4 32. Rf3 Qe6 33. Qd1 Nxf6 34. Rf2 Ng4 35. Rd2 Qf6 36. g3 Kg7 37. Rc2 Qe6 38. Qc1 Rxc2 39. Qxc2 d5 40. a4 dxe4 41. dxe4 d3 42. Qxd3 Qb6+ 43. Kg2 Qf2+ 44. Kh3 Qg1 0-1

[Event "Nittenau-ch 16th"]
[Site "Nittenau"]
[Date "2016.09.18"]
[Round "4"]
[White "Glaser, Maximilian"]
[Black "Nussbaumer, Johann"]
[Result "0-1"]
[WhiteElo "1642"]
[BlackElo "2041"]
[PlyCount "36"]
[EventDate "2016.09.16"]
[EventType "swiss"]
[EventRounds "5"]
[EventCountry "GER"]
[SourceTitle "EXT 2022"]
[Source "ChessBase"]
[SourceDate "2021.10.06"]
[SourceVersion "1"]
[SourceVersionDate "2021.10.06"]
[SourceQuality "1"]

1. d4 d5 2. Nf3 e6 3. g3 Bd6 4. Bg2 c6 5. 0-0 f5 6. e3 Nh6 7. Nc3 Nf7 8. Ne1 e5 9. dxe5 Nxe5 10. Nd3 Nf7 11. b3 Nd7 12. Bb2 Nf6 13. Ne2 0-0 14. Qd2 Qe7 15. Nd4 Ne4 16. Bxe4 fxe4 17. Qc3 exd3 18. Ne6 Be5 0-1

[Event "Nittenau-ch 16th"]
[Site "Nittenau"]
[Date "2016.09.17"]
[Round "2"]
[White "Kammer, Fabian"]
[Black "Glaser, Maximilian"]
[Result "0-1"]
[WhiteElo "1058"]
[BlackElo "1642"]
[PlyCount "112"]
[EventDate "2016.09.16"]
[EventType "swiss"]
[EventRounds "5"]
[EventCountry "GER"]
[SourceTitle "EXT 2022"]
[Source "ChessBase"]
[SourceDate "2021.10.06"]
[SourceVersion "1"]
[SourceVersionDate "2021.10.06"]
[SourceQuality "1"]

1. e4 e5 2. Nf3 Nf6 3. Nc3 Nc6 4. Bc4 Bc5 5. d3 d6 6. h3 h6 7. 0-0 Be6 8. Bd5 Qd7 9. Bxc6 bxc6 10. Re1 0-0 11. Be3 Bxe3 12. Rxe3 c5 13. Qd2 Nh5 14. Kh2 Nf4 15. Ng1 Rab8 16. b3 f5 17. Nce2 Ng6 18. exf5 Rxf5 19. Ng3 Rf7 20. Ne4 Rbf8 21. Rf1 Qe7 22. c3 d5 23. Ng3 Qd6 24. Rf3 Nf4 25. N1e2 Nxe2 26. Rxf7 Rxf7 27. Qxe2 Bd7 28. Re1 Re7 29. d4 e4 30. dxc5 Qxc5 31. c4 c6 32. cxd5 cxd5 33. Qd2 Rf7 34. Rf1 Bb5 35. b4 Qd6 36. Rd1 Bc4 37. a3 h5 38. Kg1 h4 39. Nxe4 Qg6 40. Qg5 Qxe4 41. Qd8+ Rf8 42. Qg5 Qe2 43. Qg4 Qxf2+ 44. Kh2 Qf4+ 45. Qxf4 Rxf4 46. b5 Rf2 47. Kg1 Rb2 48. a4 Rb4 49. Rd4 Rxa4 50. Rxh4 Bxb5 51. Rh5 Bc4 52. Rh4 a5 53. g4 Ra1+ 54. Kf2 a4 55. g5 a3 56. Rd4 a2 0-1

[Event "GER-chT U16"]
[Site "Lingen"]
[Date "2015.12.27"]
[Round "2.4"]
[White "Yaroshenko, Yaroslav"]
[Black "Glaser, Maximilian"]
[Result "1-0"]
[WhiteElo "1561"]
[BlackElo "1736"]
[PlyCount "83"]
[EventDate "2015.12.27"]
[EventType "team-swiss"]
[EventRounds "7"]
[EventCountry "GER"]
[SourceTitle "EXT 2017"]
[Source "ChessBase"]
[SourceDate "2016.10.25"]
[SourceVersion "1"]
[SourceVersionDate "2016.10.25"]
[SourceQuality "1"]
[WhiteTeam "Graefelfing"]
[BlackTeam "Hagen"]
[WhiteTeamCountry "GER"]
[BlackTeamCountry "GER"]

1. d4 d5 2. c4 c6 3. Nf3 Nf6 4. Bf4 e6 5. e3 Nbd7 6. Bd3 c5 7. cxd5 Nxd5 8. Bg3 cxd4 9. Nxd4 Bb4+ 10. Nd2 Nc5 11. Bb5+ Bd7 12. Bxd7+ Qxd7 13. 0-0 Bxd2 14. Qxd2 Ne4 15. Qe2 Nxg3 16. hxg3 0-0 17. Rfd1 Qe7 18. Rac1 Rac8 19. Qb5 g6 20. Nb3 a6 21. Qe2 Rfd8 22. Nd4 Kg7 23. Rxc8 Rxc8 24. a3 Nb6 25. b4 Nd5 26. Qb2 f6 27. Rc1 Rxc1+ 28. Qxc1 e5 29. Nb3 b6 30. Qc6 Qf7 31. Nd2 b5 32. Qxa6 Qc7 33. Ne4 Qc4 34. Nc5 Qc1+ 35. Kh2 Qd1 36. Qxb5 Kh6 37. Qd3 Qh5+ 38. Kg1 Nc3 39. f3 Na2 40. Qc2 Qg5 41. Kf2 e4 42. Qxa2 1-0

[Event "GER-ch U25 op-A"]
[Site "Willingen"]
[Date "2015.05.25"]
[Round "3"]
[White "Becker, Robin"]
[Black "Glaser, Maximilian"]
[Result "1/2-1/2"]
[WhiteElo "1943"]
[BlackElo "1754"]
[PlyCount "172"]
[EventDate "2015.05.24"]
[EventType "swiss"]
[EventRounds "9"]
[EventCountry "GER"]
[SourceTitle "CBM 166 Extra"]
[Source "ChessBase"]
[SourceDate "2015.06.18"]
[SourceVersion "1"]
[SourceVersionDate "2015.06.18"]
[SourceQuality "1"]

1. e4 d5 2. exd5 Qxd5 3. Nf3 Bg4 4. Be2 Nf6 5. d4 c6 6. 0-0 e6 7. c4 Qd8 8. Nc3 Be7 9. h3 Bh5 10. Bf4 Nbd7 11. Qb3 Qb6 12. Rfd1 Qxb3 13. axb3 Nb6 14. Ne5 Bxe2 15. Nxe2 0-0 16. Nc1 Rfd8 17. Nf3 h6 18. Nd3 Nbd7 19. b4 Nb6 20. b3 Ne4 21. Kf1 Nd7 22. Ra5 a6 23. Re1 Nef6 24. Ra2 Nh5 25. Bc7 Rdc8 26. Bh2 Nhf6 27. Rea1 Ne4 28. Re1 Nef6 29. Bf4 Nh5 30. Be3 Nhf6 31. Nd2 Bd6 32. Bf4 Ne8 33. Ne4 Bxf4 34. Nxf4 Ndf6 35. Nc5 Nd6 36. g4 Rd8 37. f3 Nd7 38. Nfd3 Nxc5 39. Nxc5 Ra7 40. h4 g6 41. Kf2 Re8 42. Kg3 Kg7 43. Kf4 Kf8 44. Re5 Re7 45. h5 g5+ 46. Kg3 b5 47. Rxa6 Rxa6 48. Nxa6 bxc4 49. bxc4 Ra7 50. Nb8 Rb7 51. Nxc6 Nxc4 52. Rc5 Nd6 53. d5 Ke8 54. dxe6 fxe6 55. Kf2 Kd7 56. Ke3 Nf7 57. b5 Kd6 58. Kd4 Rb6 59. Ne5 Nxe5 60. Rxe5 Rb8 61. Rc5 Rf8 62. Rc6+ Kd7 63. Kc5 Rxf3 64. Kb6 Rf4 65. Rc7+ Kd6 66. Rh7 Rf6 67. Ka7 Rf4 68. b6 Ra4+ 69. Kb8 Rxg4 70. Rxh6 Kd7 71. Rg6 e5 72. h6 Rh4 73. Rg7+ Kc6 74. b7 Rxh6 75. Rc7+ Kd5 76. Ka7 Rh8 77. Rc8 Rh7 78. Rg8 e4 79. Rxg5+ Kd4 80. Kb6 Rxb7+ 81. Kxb7 e3 82. Kc6 e2 83. Rg1 Ke3 84. Kd5 Kf2 85. Ra1 e1Q 86. Rxe1 Kxe1 1/2-1/2

[Event "Nittenau-ch 14th"]
[Site "Nittenau"]
[Date "2014.09.06"]
[Round "3"]
[White "Gan, Maxwell"]
[Black "Glaser, Maximilian"]
[Result "0-1"]
[WhiteElo "1169"]
[BlackElo "1539"]
[PlyCount "128"]
[EventDate "2014.09.05"]
[EventType "swiss"]
[EventRounds "5"]
[EventCountry "GER"]
[SourceTitle "CBM 162 Extra"]
[Source "ChessBase"]
[SourceDate "2014.10.17"]
[SourceVersion "1"]
[SourceVersionDate "2014.10.17"]
[SourceQuality "1"]

1. e4 e5 2. Nf3 Nf6 3. Nxe5 d6 4. Nf3 Nxe4 5. Qe2 Qe7 6. Nc3 Nxc3 7. Qxe7+ Bxe7 8. dxc3 0-0 9. Bd3 Nc6 10. 0-0 Bg4 11. Nd4 Ne5 12. Be4 c6 13. f4 f5 14. Bd3 Nd7 15. Be3 Nc5 16. b4 Ne4 17. c4 Bf6 18. Rae1 Rae8 19. Nf3 Bc3 20. Rb1 Bxf3 21. Bxe4 Bxe4 22. Kf2 b6 23. Rbd1 Bxb4 24. Rb1 Bc5 25. Bxc5 dxc5 26. Rbc1 b5 27. cxb5 cxb5 28. Rfd1 Rd8 29. a3 Rxd1 30. Rxd1 a6 31. g3 a5 32. Ke3 Kf7 33. g4 g6 34. Rd6 Re8 35. c3 b4 36. cxb4 cxb4 37. Rd7+ Kf6 38. Ra7 a4 39. Rc7 b3 40. Kf2 fxg4 41. Kg3 h5 42. h4 Bc6 43. Ra7 Re6 44. Ra5 Re2 45. Rc5 Be8 46. Rc8 Re6 47. Kf2 Re4 48. Rb8 Ke7 49. Rb7+ Bd7 50. Rc7 Rd4 51. Rc5 Bf5 52. Kg1 Re4 53. Kh2 Rxf4 54. Kg2 b2 55. Rc2 Rf3 56. Rxb2 Rxa3 57. Kf2 Rh3 58. Ke2 Rxh4 59. Kd2 g3 60. Kc1 Rh2 61. Kd1 a3 62. Ke1 a2 63. Kf1 a1Q+ 64. Rb1 Qxb1# 0-1

[Event "Nittenau-ch 14th"]
[Site "Nittenau"]
[Date "2014.09.05"]
[Round "1"]
[White "Regensburger, Paul"]
[Black "Glaser, Maximilian"]
[Result "1-0"]
[WhiteElo "1515"]
[BlackElo "1539"]
[PlyCount "65"]
[EventDate "2014.09.05"]
[EventType "swiss"]
[EventRounds "5"]
[EventCountry "GER"]
[SourceTitle "CBM 162 Extra"]
[Source "ChessBase"]
[SourceDate "2014.10.17"]
[SourceVersion "1"]
[SourceVersionDate "2014.10.17"]
[SourceQuality "1"]

1. e4 e5 2. Nf3 Nf6 3. d4 Nc6 4. dxe5 Nxe4 5. Bd3 Nc5 6. 0-0 d6 7. Bg5 Be7 8. Bxe7 Qxe7 9. exd6 Qxd6 10. Re1+ Be6 11. Nc3 0-0 12. Nb5 Qd7 13. Ng5 g6 14. Re3 a6 15. Nc3 Rfe8 16. Qd2 Rad8 17. Rae1 b5 18. Nce4 Nxe4 19. Nxe4 Bxa2 20. Nf6+ Kf8 21. Nxd7+ Rxd7 22. Rxe8+ Kg7 23. Qc3+ Nd4 24. b3 Bxb3 25. cxb3 Rd6 26. R1e4 c5 27. b4 cxb4 28. Qb2 a5 29. Rxd4 Rxd4 30. Qxd4+ Kh6 31. Re7 a4 32. Rxf7 a3 33. Qh4# 1-0

[Event "Prague Summer op 1st"]
[Site "Prague"]
[Date "2014.08.09"]
[Round "1"]
[White "Glaser, Maximilian"]
[Black "Lucovnik, Tilen"]
[Result "1-0"]
[WhiteElo "1397"]
[BlackElo "2001"]
[PlyCount "101"]
[EventDate "2014.08.09"]
[EventType "swiss"]
[EventRounds "9"]
[EventCountry "CZE"]
[SourceTitle "CBM 162 Extra"]
[Source "ChessBase"]
[SourceDate "2014.10.17"]
[SourceVersion "1"]
[SourceVersionDate "2014.10.17"]
[SourceQuality "1"]

1. e4 d6 2. Bc4 Nf6 3. d3 e5 4. Ne2 c6 5. Bg5 Be7 6. Nbc3 b5 7. Bb3 b4 8. Bxf6 Bxf6 9. Nd5 Na6 10. Nxf6+ Qxf6 11. Qd2 0-0 12. Bc4 c5 13. a3 bxa3 14. Rxa3 Nc7 15. 0-0 Qe7 16. Rfa1 a6 17. Nc3 Kh8 18. Nd5 Nxd5 19. Bxd5 Rb8 20. b3 f5 21. Bc4 f4 22. Bxa6 Bd7 23. Bc4 f3 24. g3 Bh3 25. Bd5 Qf6 26. Ra8 Rxa8 27. Rxa8 Rxa8 28. Bxa8 Qd8 29. Bd5 Qb6 30. Qc1 Qa5 31. Bf7 g6 32. Bxg6 hxg6 33. Qh6+ Kg8 34. Qxg6+ Kh8 35. Qh6+ Kg8 36. Qxh3 Qe1+ 37. Qf1 Qd2 38. Qb1 Kg7 39. h4 Kg6 40. c3 Kh5 41. b4 Qxc3 42. bxc5 dxc5 43. Qd1 Kg4 44. Kh2 Qb2 45. Kg1 Qc3 46. h5 Qb2 47. h6 Qb6 48. Qc1 Qc7 49. h7 Qxh7 50. Qxc5 Qh6 51. Qc8+ 1-0

[Event "Magdeburg op-B"]
[Site "Magdeburg"]
[Date "2014.06.14"]
[Round "9"]
[White "Meyer, Nico"]
[Black "Glaser, Maximilian"]
[Result "1-0"]
[WhiteElo "1486"]
[BlackElo "1564"]
[PlyCount "45"]
[EventDate "2014.06.08"]
[EventType "swiss"]
[EventRounds "9"]
[EventCountry "GER"]
[SourceTitle "CBM 160 Extra"]
[Source "ChessBase"]
[SourceDate "2014.07.01"]
[SourceVersion "1"]
[SourceVersionDate "2014.07.01"]
[SourceQuality "1"]

1. e4 d5 2. exd5 Qxd5 3. Nc3 Qa5 4. d4 Nf6 5. Nf3 Bg4 6. h3 Bh5 7. Be2 Nc6 8. 0-0 0-0-0 9. Be3 Bxf3 10. Bxf3 Nxd4 11. Bxd4 e5 12. Ne2 exd4 13. c3 Bc5 14. b4 Qa6 15. bxc5 d3 16. Nd4 Qc4 17. Qb3 Qxb3 18. axb3 a6 19. Rfd1 Nd7 20. c6 Nc5 21. b4 Ne6 22. cxb7+ Kd7 23. Nc6 1-0

[Event "Magdeburg op-B"]
[Site "Magdeburg"]
[Date "2014.06.12"]
[Round "7"]
[White "Glaser, Maximilian"]
[Black "Eggert, Daniela"]
[Result "1/2-1/2"]
[WhiteElo "1564"]
[BlackElo "1405"]
[PlyCount "70"]
[EventDate "2014.06.08"]
[EventType "swiss"]
[EventRounds "9"]
[EventCountry "GER"]
[SourceTitle "CBM 160 Extra"]
[Source "ChessBase"]
[SourceDate "2014.07.01"]
[SourceVersion "1"]
[SourceVersionDate "2014.07.01"]
[SourceQuality "1"]

1. Nf3 d5 2. d4 Nc6 3. Nc3 Bg4 4. Bf4 Nf6 5. h3 Bh5 6. Ne5 Nb8 7. g4 Bg6 8. Bg2 e6 9. Nb5 Na6 10. a3 c6 11. Nc3 Bd6 12. e3 c5 13. h4 h6 14. Nxg6 fxg6 15. Bxd6 Qxd6 16. g5 hxg5 17. hxg5 Rxh1+ 18. Bxh1 Qh2 19. gxf6 Qxh1+ 20. Ke2 Qxd1+ 21. Rxd1 gxf6 22. Rh1 0-0-0 23. Nb5 Kb8 24. Rh6 cxd4 25. exd4 Nc7 26. Nxc7 Kxc7 27. Rxg6 Rf8 28. f4 Kd6 29. Kd3 b6 30. Rg7 a5 31. a4 Rh8 32. Rb7 Kc6 33. Rf7 f5 34. Re7 Kd6 35. Rb7 Kc6 1/2-1/2

[Event "Magdeburg op-B"]
[Site "Magdeburg"]
[Date "2014.06.08"]
[Round "1"]
[White "Kostanyan, Hakob"]
[Black "Glaser, Maximilian"]
[Result "0-1"]
[WhiteElo "1178"]
[BlackElo "1564"]
[PlyCount "110"]
[EventDate "2014.06.08"]
[EventType "swiss"]
[EventRounds "9"]
[EventCountry "GER"]
[SourceTitle "CBM 160 Extra"]
[Source "ChessBase"]
[SourceDate "2014.07.01"]
[SourceVersion "1"]
[SourceVersionDate "2014.07.01"]
[SourceQuality "1"]

1. e4 e6 2. d4 c5 3. Nf3 cxd4 4. Nxd4 Nc6 5. Nc3 Bb4 6. Be3 Nf6 7. f3 d5 8. Nxc6 bxc6 9. Qd3 0-0 10. 0-0-0 Qa5 11. g4 Bxc3 12. Qxc3 Qxc3 13. bxc3 dxe4 14. fxe4 Nxe4 15. Bd4 e5 16. Re1 exd4 17. Rxe4 dxc3 18. Rc4 Be6 19. Ra4 Rfe8 20. Bg2 Bd5 21. Bxd5 cxd5 22. Rd1 g6 23. Ra3 Re4 24. Rxc3 Rxg4 25. Rxd5 Rg1+ 26. Kb2 Rb8+ 27. Ka3 Kg7 28. Rc7 a6 29. Rdd7 Rf1 30. c3 Rf5 31. Ka4 Rb2 32. Ka3 Rxh2 33. Ra7 Rh3 34. Kb4 a5+ 35. Kb3 h5 36. Rac7 h4 37. Ka4 Rg3 38. c4 h3 39. Rd1 h2 40. Rh1 Rf2 41. Rd7 Rg1 42. Rd1 Rxh1 43. Rxh1 Rxa2+ 44. Kb3 Rf2 45. c5 Kf6 46. Ka4 Rf5 47. Kb5 Rf2 48. c6 Ke7 49. Rd1 Rd2 50. Re1+ Kd6 51. Rc1 Rc2 52. Rd1+ Kc7 53. Rd7+ Kc8 54. Rd1 g5 55. Kxa5 Rb2 0-1

[Event "Niedersachsen-ch op-B"]
[Site "Verden"]
[Date "2014.01.03"]
[Round "4"]
[White "Glaser, Maximilian"]
[Black "Rajendram, Reanosh"]
[Result "1-0"]
[WhiteElo "1355"]
[BlackElo "1107"]
[PlyCount "115"]
[EventDate "2014.01.02"]
[EventType "swiss"]
[EventRounds "7"]
[EventCountry "GER"]
[SourceTitle "EXT 2016"]
[Source "ChessBase"]
[SourceDate "2015.10.08"]
[SourceVersion "1"]
[SourceVersionDate "2015.10.08"]
[SourceQuality "1"]

1. d4 Nf6 2. Nc3 d5 3. Bf4 e6 4. a3 a6 5. e3 c5 6. Bd3 cxd4 7. exd4 Nc6 8. Nge2 Bd6 9. 0-0 Bxf4 10. Nxf4 0-0 11. Nce2 e5 12. dxe5 Nxe5 13. Re1 Re8 14. Ng3 b5 15. h3 Bb7 16. Nfh5 g6 17. Nf4 Qd6 18. Nfe2 Ned7 19. b4 Qc6 20. Nd4 Rxe1+ 21. Qxe1 Qb6 22. c3 Re8 23. Qd2 Ne5 24. Re1 Nxd3 25. Rxe8+ Nxe8 26. Qxd3 Nc7 27. Qe3 Ne6 28. Kf1 Kf8 29. Ke1 Nxd4 30. Qxd4 Qxd4 31. cxd4 Ke7 32. Kd2 Kd6 33. Kd3 f5 34. Ke3 Ke6 35. Kf4 Kf6 36. Ne2 g5+ 37. Kf3 h5 38. g3 Bc8 39. Nc3 Be6 40. Ke3 f4+ 41. gxf4 gxf4+ 42. Kxf4 Bxh3 43. Nxd5+ Kg6 44. Kg3 Bc8 45. Ne7+ Kg5 46. Nxc8 h4+ 47. Kh3 Kf4 48. d5 Ke5 49. Kxh4 Kxd5 50. f4 Ke6 51. Kg5 Kf7 52. f5 Ke8 53. Kg6 Kf8 54. f6 a5 55. f7 axb4 56. Kf6 bxa3 57. Nb6 a2 58. Nd7# 1-0

[Event "Niedersachsen-ch op-B"]
[Site "Verden"]
[Date "2014.01.02"]
[Round "2"]
[White "Glaser, Maximilian"]
[Black "Salm, Andreas"]
[Result "1/2-1/2"]
[WhiteElo "1355"]
[BlackElo "1477"]
[PlyCount "60"]
[EventDate "2014.01.02"]
[EventType "swiss"]
[EventRounds "7"]
[EventCountry "GER"]
[SourceTitle "EXT 2016"]
[Source "ChessBase"]
[SourceDate "2015.10.08"]
[SourceVersion "1"]
[SourceVersionDate "2015.10.08"]
[SourceQuality "1"]

1. Nf3 d5 2. d3 Nc6 3. g3 Nf6 4. Bg2 e5 5. 0-0 Bd6 6. Nbd2 0-0 7. e4 d4 8. Nc4 Bg4 9. a3 b5 10. Nxd6 Qxd6 11. Bd2 a5 12. Qe1 Bxf3 13. Bxf3 a4 14. Bb4 Nxb4 15. Qxb4 Qxb4 16. axb4 c6 17. Ra2 Ra7 18. c3 dxc3 19. bxc3 Rd8 20. Rd1 Rad7 21. Rad2 g6 22. Kf1 h5 23. h3 g5 24. g4 hxg4 25. Bxg4 Nxg4 26. hxg4 f6 27. Ke2 Kg7 28. c4 Rd4 29. cxb5 cxb5 30. Rb1 Rc8 1/2-1/2

[Event "Niedersachsen-ch op-B"]
[Site "Verden"]
[Date "2014.01.02"]
[Round "1"]
[White "Reuker, Ronja"]
[Black "Glaser, Maximilian"]
[Result "1/2-1/2"]
[WhiteElo "910"]
[BlackElo "1355"]
[PlyCount "132"]
[EventDate "2014.01.02"]
[EventType "swiss"]
[EventRounds "7"]
[EventCountry "GER"]
[SourceTitle "EXT 2016"]
[Source "ChessBase"]
[SourceDate "2015.10.08"]
[SourceVersion "1"]
[SourceVersionDate "2015.10.08"]
[SourceQuality "1"]

1. e4 e6 2. d4 c5 3. Nf3 cxd4 4. Nxd4 Nc6 5. Bf4 Nxd4 6. Qxd4 Ne7 7. Bc4 Nc6 8. Qe3 e5 9. Bg3 Be7 10. 0-0 0-0 11. Nc3 Bg5 12. Qd3 Kh8 13. Rad1 f6 14. f3 a6 15. Bf2 Nb4 16. Qe2 Qc7 17. a3 Nc6 18. Nd5 Qb8 19. Nb6 Na5 20. Nxa8 Qxa8 21. Bc5 Nxc4 22. Qxc4 Rg8 23. Bb6 a5 24. Qc5 a4 25. Rd3 h5 26. Qf2 Qa6 27. Rc3 Qb5 28. Rd1 Qxb2 29. Ba5 b5 30. Qf1 Ba6 31. Qe1 Bc8 32. Rb1 Bd2 33. Rxb2 Bxe1 34. Rxc8 Rxc8 35. Bxe1 Kg8 36. c3 Rc5 37. Rc2 Kf7 38. Kf2 g6 39. Ke2 d5 40. Kd3 Ke6 41. Bf2 dxe4+ 42. Kxe4 f5+ 43. Kd3 Rd5+ 44. Ke2 g5 45. Rd2 Rxd2+ 46. Kxd2 Kd5 47. Kd3 h4 48. g3 hxg3 49. hxg3 e4+ 50. fxe4+ fxe4+ 51. Ke3 Ke5 52. g4 Kd5 53. Be1 Ke5 54. Bd2 Kd5 55. Bc1 Ke5 56. Bb2 Kd5 57. Ba1 Kc4 58. Kxe4 Kb3 59. Kd3 Kxa3 60. Kc2 b4 61. cxb4 Kxb4 62. Kb2 Kc4 63. Ka3 Kd5 64. Bf6 Ke4 65. Bxg5 Kf3 66. Kxa4 Kxg4 1/2-1/2

[Event "Niedersachsen-ch op-C"]
[Site "Verden"]
[Date "2013.01.04"]
[Round "4"]
[White "Glaser, Maximilian"]
[Black "Piontek, Oliver"]
[Result "1-0"]
[WhiteElo "1257"]
[BlackElo "789"]
[PlyCount "45"]
[EventDate "2013.01.03"]
[EventType "swiss"]
[EventRounds "7"]
[EventCountry "GER"]
[SourceTitle "EXT 2021"]
[Source "ChessBase"]
[SourceDate "2020.10.23"]
[SourceVersion "1"]
[SourceVersionDate "2020.10.23"]
[SourceQuality "1"]

1. d4 d5 2. c4 e6 3. Nf3 Nf6 4. Nc3 Bb4 5. Bg5 h6 6. Bh4 b6 7. Ne5 Bb7 8. Qa4+ Nfd7 9. Bxd8 Kxd8 10. Nxf7+ Ke8 11. Nxh8 Bxc3+ 12. bxc3 Bc6 13. Qc2 dxc4 14. Qg6+ Kd8 15. Qxg7 Kc8 16. Qxh6 Be4 17. Qxe6 Bc6 18. Qxc4 a6 19. a4 b5 20. Qg8+ Kb7 21. axb5 Bxb5 22. c4 Nf6 23. Qg6 1-0